Представление документа в формате RUSMARC

ПолеНазваниеЗначение
  Тип записи i
  Библиографический уровень m
001 Контрольный номер 797453a84ca94d369b87d63c23c6dd64
005 Дата корректировки 20201216162401.6
010 Индекс ISBN __
d Цена 100-00
100 Данные общей обработки __
a Данные общей обработки 19200522d2009||||||| 0rusy0189 ca
101 Язык документа 1_
a Язык текста rus
c Язык оригинала eng
102 Страна публикации __
a Страна публикации ru
102 Страна публикации __
a Страна публикации RU
105 Кодированные данные (монография) __
a Кодированные данные (монография) |||||||||f|zy
127 Кодированные данные (звукозаписи-физические характеристики) __
a Продолжительность проигрывания 11 ч 35 мин
200 Заглавие и сведения об ответственности 1_
a Заглавие Тарзан приемыш обезьян
e Сведения, относящиеся к заглавию роман : [аудиокнига]
f Первые сведения об ответственности Эдгар Райс Берроуз ; читает: Михаил Росляков ; перевод: Ватсон М. В.
203 Вид содержания и тип средства __
a Вид содержания Устная речь
c Тип средства аудио
210 Выходные данные __
a Место издания Москва
c Издательство аКнига
d Дата издания 2009
215 Физическое описание __
a Объем 1 электрон. опт. диск (CD-ROM)
d Формат 12 см
300 Общие примечания __
a Общие примечания Заглавие с этикетки диска
300 Общие примечания __
a Общие примечания Формат записи: MP3
330 Аннотация __
a Аннотация Тарзан приемыш обезьяны (1912 г.) - первый роман цикла о Тарзане. Джон Клейтон, лорд Грейсток - имя, доставшиеся ему от отца. Тарзан - имя, под которым его знают джунгли. Джунгли, для которых неважно, сколько у тебя денег в банке и насколько именит твой род. Для них важны сила, смелость и мужество - все это есть у Тарзана, выросшего в стае обезьян и живущего по законам джунглей. Но в его джунгли приходят люди..
606 Тематические рубрики __
a Основная рубрика Художественная литература
606 Тематические рубрики __
a Основная рубрика Литература Америки (произведения)
610 Ключевые слова __
a Ключевые слова американская литература
610 Ключевые слова __
a Ключевые слова фантастика
610 Ключевые слова __
a Ключевые слова романы
610 Ключевые слова __
a Ключевые слова приключенческие романы
610 Ключевые слова __
a Ключевые слова тема джунглей
610 Ключевые слова __
a Ключевые слова Тарзан
686 Индексы других классификаций __
a Классификационный индекс 84(7Сое)6-445я04
700 Автор _1
a Фамилия Берроуз
b Имя Э. Р.
f Даты 1875-1950
g Полное личное имя Эдгар Райс
4 Код отношения 070
702 Вторичная интеллектуальная ответственность _1
a Фамилия Ватсон
b Имя М. В.
4 Код отношения Переводчик
f Даты 1848-1932
g Полное личное имя Мария Валентиновна
4 Код отношения 730
702 Вторичная интеллектуальная ответственность _1
a Фамилия Росляков
b Имя М.
4 Код отношения Прочие
g Полное личное имя Михаил
4 Код отношения 570
801 Источник записи _0
a Страна ru
b Организация Муниципальное бюджетное учреждение культуры "Централизованная библиотечная система" г. Сургут (Центральная городская библиотека им. А. С. Пушкина)
c Дата составления 20200522
g Правила каталогизации PSBO
801 Источник записи _1
a Страна ru
b Организация Муниципальное бюджетное учреждение культуры "Централизованная библиотечная система" г. Сургут (Центральная городская библиотека им. А. С. Пушкина)
c Дата составления 20200522
g Правила каталогизации PSBO
852 Данные о местонахождении __
j Шифр хранения 84(7Сое)6-445я04
i Авторский знак Б 51
901 Тип документа __
t Тип документа 0
a Ответственный КиК/Котельникова
903 Характеристики (МАРС) __
a Дата передачи 20200522
911 __
u 336a=Устная речь
911 __
u 337a=аудио
969 Тип издания __
a Тип издания аудиокнига
a Тип издания издание для слепых
990 Данные о заказе (DOS) __
j Количество экземпляров (DOS) 1
t N записи в КСУ для И/У (DOS) 202004